000 00305nam a2200121Ia 4500
008 190216s9999||||xx |||||||||||||| ||und||
100 _aZia-Ud-Din.M
245 0 _aPractical Statistics With Fundamentals Of Theory
260 _bNarosa Pubs House
_c1964
300 _a304p
650 _aCommerce
942 _cBK
999 _c4211
_d4211